000 00249 a2200109 4500
999 _c322090
_d322090
001 87017
003 NUST
005 20180124121959.0
008 180124b xxu||||| |||| 00| 0 eng d
082 _a152.4 GOL
100 _aGoleman, Daniel
_99683
245 _aEmotional intelligence
_hEnglish
260 _bBloomsbury
_c1996
942 _aAHQ
_k152.4 GOL
_cBK
_2ddc